Statistiken für Beliebteste Eissorten

Klicken Sie hier um das Quiz zu spielen!

Allgemein

  • Dieses Quiz wurde 457 mal gespielt
  • Das Durchschnittsergebnis liegt bei 6 aus 10

Antwortstatistiken

xEissorte% Korrekt
1Schokolade
98%
2Vanille
98%
3Erdbeere
90%
5Stracciatella
73%
8Himbeere
61%
4Haselnuss
47%
6Joghurt
44%
9Mango
40%
7Amarena
19%
10German Black Forest
1%

Verteilung der Resultate

Perzentil nach korrekt beantworteten Fragen

Anzahl Personen mit jedem Resultat

Ihre Resultats-Entwicklung

Sie haben dieses Quiz noch nicht gespielt